Estampas verónico-levantinas / (Record no. 142948)

MARC details
000 -LEADER
campo de control de longitud fija 00515nam a2200169 i 4500
001 - NÚMERO DE CONTROL
campo de control 142948
003 - IDENTIFICADOR DE NÚMERO DE CONTROL
campo de control ES-MaACL
005 - FECHA Y HORA DE LA ÚLTIMA TRANSACCIÓN
campo de control 20230906200653.0
007 - CAMPO FIJO DE DESCRIPCIÓN FÍSICA--INFORMACIÓN GENERAL
campo de control de longitud fija t|
008 - DATOS DE LONGITUD FIJA--INFORMACIÓN GENERAL
campo de control de longitud fija 071011s1945 sp a |||| | spa d
100 1# - ENTRADA PRINCIPAL--NOMBRE DE PERSONA
Nombre de persona Vidal Tur, Gonzalo.
9 (RLIN) 114519
245 10 - MENCIÓN DEL TÍTULO
Título Estampas verónico-levantinas /
Mención de responsabilidad, etc. Gonzalo Vidal Tur.
260 ## - PUBLICACIÓN, DISTRIBUCIÓN, ETC.
Lugar de publicación, distribución, etc. Alicante :
Nombre del editor, distribuidor, etc. [s.n.],
Fecha de publicación, distribución, etc. 1945 (
Fabricante Gráfs. Gutenberg)
300 ## - DESCRIPCIÓN FÍSICA
Extensión 242 p. :
Otras características físicas il. ;
Dimensiones 25 cm.
651 #4 - PUNTO DE ACCESO ADICIONAL DE MATERIA--NOMBRE GEOGRÁFICO
Nombre geográfico Alicante (Provincia)-
Subdivisión general Usos y costumbres.
9 (RLIN) 168803
852 ## - LOCALIZACIÓN
Ubicación ES-MaACL
Número de control de estantería B-10712
Holdings
Estatus retirado Estado de pérdida Estado de daño No para préstamo Biblioteca de origen Biblioteca actual Ubicación en estantería Fecha de adquisición Fuente de adquisición Total de préstamos Signatura topográfica completa Código de barras Visto por última vez Precio de reemplazo Tipo de ítem Koha
        Biblioteca del Ateneo de Madrid Biblioteca del Ateneo de Madrid Sala Pardo Bazán 17/01/2008     B-10712 1148731 23/02/2023 23/02/2023 Libro impreso